000 00613nam a22001931c 4500
001 043785794
008 070125s1993 gw |||| 000u ger d
020 _a3894739304
_93-89473-930-4
041 _ager
100 1 _aHaxthausen, August von
245 0 4 _aDie ländliche Verfassung Rußlands :
_bihre Entwicklung und ihre Festlegung in der Gesetzgebung von 1861 /
_cAugust von Haxthausen
250 _aRepr. der Ausg. Leipzig, 1866
264 _aMünster [u.a.] :
_bLit,
_c1993
300 _aXVI, 423 S. ; 21 cm
942 _cMG
040 _cRU-10907106
003 RU-10907106
999 _c13621
_d13621
490 0 _aImperium Russicum
_v1